000
00315nam a2200121Ia 4500
008
190216s9999||||xx |||||||||||||| ||und||
100
_a
Das Gupta And Prasad
245
0
_a
King`S Indian Society And Social Instituitions
260
_b
King`S Books Delhi
_c
2000
300
_a
352p
650
_a
Economics
942
_c
BK
999
_c
10496
_d
10496